Regio S-Bahn Bremen - Statistiken

Allgemein
  • Dieses Quiz wurde 104 mal gespielt
  • Das Durchschnittsergebnis liegt bei 45 aus 82
Antwortstatistiken
Linie Bahnhof % Korrekt
Bremen Hauptbahnhof
100%
Bremen Hauptbahnhof
100%
RS3 Bremen Hauptbahnhof
100%
RS4 Bremen Hauptbahnhof
100%
RS30 Bremen Hauptbahnhof
100%
Bremen-Burg
90%
Bremen-Burg
90%
Delmenhorst
86%
Delmenhorst
86%
Delmenhorst
86%
Bremen-Vegesack
84%
Verden (Aller)
83%
RS6 Verden (Aller)
83%
Bremen-Mahndorf
79%
Bremen-Sebaldsbrück
78%
Bremen-Neustadt
76%
Bremen-Neustadt
76%
RS2 Bremerhaven-Lehe
76%
Bremen-Walle
74%
Achim
72%
RS1 Bremen-Farge
71%
Bremerhaven Hauptbahnhof
71%
Hude
71%
Hude
71%
Hude
71%
Osterholz-Scharmbeck
71%
Bad Zwischenahn
66%
Bad Zwischenahn
66%
Twistringen
66%
Oldenburg Hauptbahnhof
64%
Oldenburg Hauptbahnhof
64%
Bremen-Blumenthal
62%
Bremen-Lesum
59%
Bremen-Oslebshausen
59%
Bremen-Hemelingen
55%
Bremen-St. Magnus
53%
Nordenham
53%
Syke
53%
Langwedel
52%
Bassum
50%
Bremen-Aumund
48%
Kirchweyhe
48%
Zw. 1 Oldenburg-Wechloy
48%
Oldenburg-Wechloy
48%
Rotenburg (Wümme)
48%
Wilhelmshaven
47%
Brake (Unterweser)
45%
Ritterhude
45%
Bremen Kreinsloger
43%
Bremen Turnerstraße
43%
Etelsen
43%
Baden (Verden)
41%
Bremerhaven-Wulsdorf
41%
Bremen Mühlenstraße
40%
Bremen-Schönebeck
40%
Klinikum Bremen-Nord/Beckedorf
40%
Dreye
38%
Sande
38%
Bookholzberg
36%
Bookholzberg
36%
Heidkrug
36%
Heidkrug
36%
Loxstedt
34%
Varel (Oldb)
34%
Barrien
33%
Berne
33%
Schierbrok
33%
Schierbrok
33%
Bramstedt (b Syke)
31%
Elsfleth
31%
Lunestedt
31%
Zw. 2 Rastede
31%
Wüsting
31%
Hoykenkamp
29%
Hoykenkamp
29%
Lübberstedt
29%
Stubben
29%
Jaderberg
28%
Kirchhammelwarden
22%
Oldenbüttel
22%
Kleinensiel
19%
Rodenkirchen (Oldb)
17%
Keine übereinstimmenden Quizze gefunden
Verteilung der Resultate
Anzahl Personen mit jedem Resultat
Perzentil nach korrekt beantworteten Fragen
Ihre Resultats-Entwicklung
Sie haben dieses Quiz noch nicht gespielt